[Event "Tournoi francophone 008 Groupe B"]
[Site "Skype"]
[Date "????.??.??"]
[Round "1.1"]
[White "Le Brun, Yves"]
[Black "Tamditi, Ibrahim"]
[Result "0-1"]
[WhiteElo "1489"]
[BlackElo "1530"]
[PlyCount "84"]

1. d4 Nf6 2. f4 g6 3. e3 Bg7 4. Nd2 Nd5 5. Qe2 c6 6. Ngf3 Nb4 7. Ne4 Qa5 8. c3
Qf5 9. cxb4 Qxe4 10. g3 d6 11. Bg2 Bg4 12. O-O O-O 13. h3 Bxf3 14. Bxf3 Qf5 15.
g4 Qc8 16. Bd2 b5 17. Rac1 d5 18. Bc3 Nd7 19. e4 e6 20. e5 Qa6 21. a3 Qb6 22.
Qd3 g5 23. Kg2 gxf4 24. Bd1 Bh6 25. Bc2 f5 26. Bd2 f3+ 27. Kxf3 Bxd2 28. Qxd2
f4 29. g5 Qd8 30. Rg1 Qe7 31. g6 h6 32. Qg2 Qh4 33. Qg4 Qxg4+ 34. Rxg4 Kg7 35.
Rcg1 Nb6 36. b3 a5 37. h4 a4 38. h5 axb3 39. Bxb3 Rxa3 40. Rb1 Nc4 41. Ke2 f3+
42. Kf2 Nd2 0-1

[Event "Tournoi francophone 008 Groupe B"]
[Site "Skype"]
[Date "????.??.??"]
[Round "1.2"]
[White "Fouquereau, Andre"]
[Black "Gerbaux, Regis"]
[Result "0-1"]
[WhiteElo "1478"]
[BlackElo "1457"]
[PlyCount "74"]

1. e4 c5 2. Nf3 d6 3. c3 Nf6 4. Be2 Nc6 5. Qc2 Qc7 6. O-O d5 7. exd5 Nxd5 8. d3
Bf5 9. Qd1 e5 10. Nh4 Qc8 11. Nd2 Be7 12. Nxf5 Qxf5 13. Nf3 O-O 14. Qb3 Qd7 15.
Bd2 Nf6 16. Rad1 Rad8 17. Be3 b6 18. a4 Qc7 19. Qc2 Bd6 20. Bg5 Be7 21. Bh4 Ng4
22. Bg3 Qd6 23. Rd2 f5 24. Rfd1 f4 25. Bh4 Bxh4 26. Nxh4 Qh6 27. Nf3 Rf6 28. h3
Rg6 29. hxg4 Rxg4 30. Nh2 Rh4 31. f3 Rxh2 32. Bf1 Rh1+ 33. Kf2 Qh4+ 34. Ke2 Re8
35. Qb3+ Kh8 36. Qd5 Nd4+ 37. cxd4 exd4+ 0-1

[Event "Tournoi francophone 008 Groupe B"]
[Site "Skype"]
[Date "????.??.??"]
[Round "1.3"]
[White "Duthoit, Bernard"]
[Black "Ambrosino, Theo"]
[Result "1/2-1/2"]
[WhiteElo "1470"]
[BlackElo "1630"]
[PlyCount "75"]

1. e4 c5 2. Nf3 d6 3. c3 Nc6 4. d4 Nf6 5. Bd3 c4 6. Bc2 g6 7. O-O Bg7 8. Re1
O-O 9. Nbd2 Bg4 10. Nxc4 b5 11. Ne3 Bh5 12. Nf1 Qb6 13. h3 b4 14. g4 Nxg4 15.
hxg4 Bxg4 16. Ng3 bxc3 17. bxc3 e6 18. Be3 d5 19. e5 h5 20. Bg5 f6 21. exf6
Bxf6 22. Bxf6 Rxf6 23. Re3 Raf8 24. Qd3 Ne7 25. Ne5 Qc7 26. Nxg4 hxg4 27. Nh1
Rf3 28. Rf1 Qf4 29. Rxf3 Qxf3 30. Qxf3 Rxf3 31. Bd1 Rxc3 32. Bxg4 Rc6 33. Re1
Nf5 34. Bxf5 gxf5 35. Ng3 Kf7 36. f4 Rc2 37. Re2 Rc4 38. Rd2 1/2-1/2

[Event "Tournoi francophone 008 Groupe B"]
[Site "Skype"]
[Date "????.??.??"]
[Round "1.4"]
[White "Gharbi, Said"]
[Black "L'Herbon De Lussats, Jean"]
[Result "1-0"]
[WhiteElo "1536"]
[BlackElo "1532"]
[PlyCount "123"]

1. e4 c5 2. Nf3 Nc6 3. Bb5 e6 4. Bxc6 bxc6 5. O-O d5 6. e5 d4 7. c3 Nh6 8. Qa4
Bb7 9. cxd4 cxd4 10. Nxd4 Qc7 11. Re1 Bc5 12. d3 O-O 13. Bxh6 gxh6 14. Nb3 Bb6
15. Qh4 Qd8 16. Qxh6 Kh8 17. Re4 Rg8 18. Rf4 Rg7 19. d4 Qg8 20. Qf6 Rd8 21.
N1d2 c5 22. Rg4 cxd4 23. Nxd4 Bxd4 24. Rxg7 Qxg7 25. Qxd8+ Qg8 26. Qxg8+ Kxg8
27. Rb1 Bxe5 28. Nc4 Bd4 29. b3 Bd5 30. Nd6 a5 31. Rd1 Bc5 32. Nb5 Bb4 33. Nc7
Be4 34. Ne8 Bg6 35. h4 f5 36. h5 Bxe8 37. h6 Kf7 38. Rd3 Kg6 39. Rh3 Bf8 40.
Rd3 Kxh6 41. Rd8 Bg6 42. Rxf8 Kg5 43. Ra8 f4 44. Rxa5+ Bf5 45. f3 h5 46. b4 Kf6
47. b5 Ke7 48. b6 Kd7 49. Ra7+ Kc8 50. a4 e5 51. a5 Kb8 52. Re7 h4 53. a6 Bc8
54. a7+ Ka8 55. Re8 Kb7 56. a8=Q+ Kxa8 57. Rxc8+ Kb7 58. Re8 Kxb6 59. Rxe5 Kc6
60. Re4 Kd5 61. Rxf4 Ke5 62. Rxh4 1-0

[Event "Tournoi francophone 008 Groupe B"]
[Site "Skype"]
[Date "????.??.??"]
[Round "1.5"]
[White "Martin, Jean-Claude"]
[Black "Milanese, Serge"]
[Result "1/2-1/2"]
[WhiteElo "1541"]
[BlackElo "1400"]
[PlyCount "68"]

1. d4 Nf6 2. c4 e6 3. Nc3 Bb4 4. e3 c6 5. Qb3 Bxc3+ 6. Qxc3 d5 7. Bd3 a6 8. Nf3
O-O 9. O-O Nbd7 10. cxd5 exd5 11. Re1 Re8 12. Qc2 Ne4 13. Bxe4 dxe4 14. Nd2 Nf6
15. h3 Bf5 16. b3 Rc8 17. Bb2 Nd5 18. Bc3 Qg5 19. Kf1 Qh6 20. Nc4 c5 21. dxc5
Rxc5 22. Qb2 Nxc3 23. Qxc3 b5 24. Qb4 Rd5 25. Nd2 Red8 26. Nxe4 Bxe4 27. Qxe4
Qd6 28. Qf3 Rd2 29. e4 Qh2 30. g4 R2d3 31. Red1 Rxd1+ 32. Rxd1 Rxd1+ 33. Qxd1
Qxh3+ 34. Kg1 g5 1/2-1/2

[Event "Tournoi francophone 008 Groupe B"]
[Site "Skype"]
[Date "????.??.??"]
[Round "2.1"]
[White "Tamditi, Ibrahim"]
[Black "Milanese, Serge"]
[Result "0-1"]
[WhiteElo "1530"]
[BlackElo "1400"]
[PlyCount "52"]

1. Nf3 Nf6 2. g3 b6 3. Bg2 Bb7 4. O-O d5 5. d4 e6 6. Bg5 Be7 7. Bxf6 Bxf6 8.
Nfd2 O-O 9. Nc4 Nd7 10. Ne3 c5 11. c3 cxd4 12. cxd4 Nb8 13. Nc3 a6 14. Rc1 Qd6
15. Ng4 Nd7 16. Rc2 Rac8 17. Rd2 Be7 18. Re1 Nf6 19. Ne5 b5 20. Qb3 Ne4 21.
Bxe4 dxe4 22. a4 Bd5 23. Nxd5 exd5 24. axb5 f6 25. Nc6 axb5 26. Qxb5 Rxc6 0-1

[Event "Tournoi francophone 008 Groupe B"]
[Site "Skype"]
[Date "????.??.??"]
[Round "2.3"]
[White "Ambrosino, Theo"]
[Black "Gharbi, Said"]
[Result "1-0"]
[WhiteElo "1630"]
[BlackElo "1536"]
[PlyCount "109"]

1. c4 b6 2. g3 Bb7 3. Nf3 Bxf3 4. exf3 c5 5. f4 d5 6. Bg2 e6 7. Qe2 Nf6 8. O-O
Nc6 9. Nc3 Nd4 10. Qd3 Rc8 11. Re1 dxc4 12. Qb1 Be7 13. b3 cxb3 14. axb3 Rc7
15. Ra6 O-O 16. Qa2 Nd5 17. Nxd5 exd5 18. Rxa7 Rxa7 19. Qxa7 Bd6 20. Bxd5 Bb8
21. Qb7 Nb5 22. Qc6 Nc7 23. Re5 Na6 24. Bxf7+ Kh8 25. Re8 Rxe8 26. Qxe8+ Qxe8
27. Bxe8 Nb4 28. Bb5 Nc2 29. h4 Nd4 30. Bc4 b5 31. Bxb5 Nxb5 32. Bb2 Bd6 33.
Kg2 Kg8 34. f5 Kf7 35. g4 Bf4 36. d3 Nc7 37. d4 cxd4 38. Bxd4 Bd2 39. Kf3 Nb5
40. Ba1 h6 41. h5 Na3 42. Ke4 Bb4 43. Be5 Nc2 44. f4 Be7 45. Bc3 Bd6 46. g5 Be7
47. g6+ Kg8 48. Kd5 Ne3+ 49. Ke6 Bf8 50. b4 Nc4 51. f6 gxf6 52. Bxf6 Bxb4 53.
Be7 Bc3 54. f5 Ne5 55. Bf6 1-0

[Event "Tournoi francophone 008 Groupe B"]
[Site "Skype"]
[Date "????.??.??"]
[Round "2.4"]
[White "Gerbaux, Regis"]
[Black "Duthoit, Bernard"]
[Result "0-1"]
[WhiteElo "1457"]
[BlackElo "1470"]
[PlyCount "46"]

1. c4 c5 2. Nc3 Nf6 3. g3 a6 4. Bg2 Nc6 5. a3 Rb8 6. Rb1 b5 7. cxb5 axb5 8. e3
e6 9. Nge2 b4 10. axb4 Nxb4 11. d3 Ba6 12. Nf4 e5 13. Nfd5 Nxd3+ 14. Kd2 Nxf2
15. Nxf6+ Qxf6 16. Qg1 Nxh1 17. Qxh1 Qf2+ 18. Kd1 c4 19. Ne4 Qf5 20. Bf3 d5 21.
Nc3 Qd3+ 22. Bd2 Ba3 23. Ra1 Rxb2 0-1

[Event "Tournoi francophone 008 Groupe B"]
[Site "Skype"]
[Date "????.??.??"]
[Round "2.5"]
[White "Le Brun, Yves"]
[Black "Fouquereau, Andre"]
[Result "1-0"]
[WhiteElo "1489"]
[BlackElo "1478"]
[PlyCount "73"]

1. f4 Nf6 2. e3 d6 3. Nf3 Bf5 4. d3 Nc6 5. a3 e5 6. Nc3 Be7 7. e4 Bg4 8. Be2
Bxf3 9. Bxf3 Nd4 10. Be3 Nxf3+ 11. Qxf3 exf4 12. Bxf4 Qd7 13. O-O-O O-O-O 14.
h3 Kb8 15. Rhf1 Qe8 16. d4 a6 17. e5 dxe5 18. dxe5 Nd7 19. Nd5 Bxa3 20. e6 Bd6
21. Bxd6 cxd6 22. exd7 Rxd7 23. Nb6 Rc7 24. Rxd6 Qb5 25. Rfd1 Qc5 26. Nd7+ Rxd7
27. Rxd7 Qc8 28. Qf4+ Ka7 29. Rc7 Qe6 30. Qb4 Rb8 31. Kb1 Qe2 32. Rd2 Qe1+ 33.
Ka2 Qe6+ 34. b3 Qe3 35. Rdd7 Ka8 36. Rxb7 Rxb7 37. Qxb7# 1-0

[Event "Tournoi francophone 008 Groupe B"]
[Site "Skype"]
[Date "????.??.??"]
[Round "3.1"]
[White "Fouquereau, Andre"]
[Black "Tamditi, Ibrahim"]
[Result "0-1"]
[WhiteElo "1478"]
[BlackElo "1530"]
[PlyCount "92"]

1. e4 g6 2. d4 Bg7 3. c3 e6 4. Nf3 Nf6 5. Bd3 b6 6. Bg5 d6 7. O-O Bb7 8. Qc2
Qc8 9. Nbd2 Nfd7 10. Rac1 f6 11. Be3 O-O 12. Bc4 Re8 13. a4 d5 14. exd5 exd5
15. Ba2 Nf8 16. c4 c6 17. Qb3 Qd7 18. cxd5 cxd5 19. Ne4 Rxe4 20. Rc2 Na6 21.
Rfc1 Ne6 22. Rd1 Bc6 23. Qa3 Bf8 24. Qb3 Rc8 25. Rxc6 Qxc6 26. Qxd5 Qxa4 27.
Bb3 Qc6 28. Qxc6 Rxc6 29. Bd5 Rxe3 30. fxe3 Rd6 31. Bxe6+ Rxe6 32. Kf2 Nb4 33.
Ne1 Nd5 34. Nc2 Bd6 35. g3 f5 36. Kf3 Be7 37. h4 g5 38. Re1 gxh4 39. gxh4 Bxh4
40. Rh1 Bg5 41. Rg1 h6 42. Re1 Kf7 43. e4 fxe4+ 44. Rxe4 Rf6+ 45. Kg4 Rg6 46.
Re5 Bf6+ 0-1

[Event "Tournoi francophone 008 Groupe B"]
[Site "Skype"]
[Date "????.??.??"]
[Round "3.2"]
[White "Duthoit, Bernard"]
[Black "Le Brun, Yves"]
[Result "1/2-1/2"]
[WhiteElo "1470"]
[BlackElo "1489"]
[PlyCount "125"]

1. e4 g6 2. d4 Bg7 3. e5 d6 4. exd6 Qxd6 5. Nf3 Nf6 6. c3 O-O 7. Be3 Nd5 8. Bd2
Nc6 9. Na3 a6 10. Nc4 Qd8 11. Ne3 e5 12. dxe5 Nxe5 13. Nxe5 Bxe5 14. Nxd5 Qxd5
15. Be3 Be6 16. Qxd5 Bxd5 17. Rd1 Bxa2 18. Bd4 Bxd4 19. Rxd4 Rad8 20. Rd3 Rfe8+
21. Re3 Bd5 22. Rxe8+ Rxe8+ 23. Kd2 b5 24. f3 Rd8 25. Ke3 Re8+ 26. Kd4 Rd8 27.
Ke3 c5 28. Bd3 f5 29. Ra1 Re8+ 30. Kf4 c4 31. Bxf5 gxf5 32. Rxa6 Kg7 33. Rb6
Re2 34. Rxb5 Be6 35. Re5 Rxe5 36. Kxe5 Kf7 37. h4 h5 38. Kf4 Kf6 39. g3 Bd7 40.
Ke3 Ke5 41. f4+ Kd5 42. Kf3 Kc5 43. Ke3 Bc6 44. Kd2 Be4 45. Ke3 Kd5 46. Kd2 Bd3
47. Ke3 Bf1 48. Kd2 Ke4 49. Ke1 Kd3 50. Kxf1 Kc2 51. Ke2 Kxb2 52. Kd2 Kb3 53.
Ke3 Kxc3 54. g4 Kb2 55. gxf5 c3 56. f6 c2 57. Kf3 c1=Q 58. Ke4 Qc4+ 59. Ke5 Qf7
60. Kf5 Kc3 61. Ke5 Kc4 62. Kf5 Qe6+ 63. Kxe6 1/2-1/2

[Event "Tournoi francophone 008 Groupe B"]
[Site "Skype"]
[Date "????.??.??"]
[Round "3.3"]
[White "Gharbi, Said"]
[Black "Gerbaux, Regis"]
[Result "0-1"]
[WhiteElo "1536"]
[BlackElo "1457"]
[PlyCount "82"]

1. e4 c5 2. Nf3 d6 3. c3 Nc6 4. d4 cxd4 5. cxd4 Bg4 6. Bb5 Rc8 7. d5 a6 8. dxc6
axb5 9. cxb7 Rb8 10. Qd5 Qb6 11. Nd4 Bd7 12. a4 Nf6 13. a5 Nxd5 14. axb6 Nxb6
15. Nc3 b4 16. Ncb5 Rxb7 17. Bd2 d5 18. Bxb4 e5 19. Bxf8 Rxf8 20. Nf3 Bxb5 21.
Nxe5 Re7 22. f4 f6 23. Ra5 Bc4 24. Nc6 Rxe4+ 25. Kd2 Kf7 26. Ra7+ Kg8 27. Ne7+
Kh8 28. g3 Re2+ 29. Kc1 Re8 30. Nf5 Bd3 31. Nd4 R2e4 32. Nb3 Rc8+ 33. Kd2 Be2
34. Rc1 Bc4 35. Rb7 Re2+ 36. Kd1 Na4 37. Nd2 h6 38. b3 Nb2+ 39. Kc2 Ba6+ 40.
Kb1 Bxb7 41. Kxb2 Rxd2+ 0-1

[Event "Tournoi francophone 008 Groupe B"]
[Site "Skype"]
[Date "????.??.??"]
[Round "3.4"]
[White "Martin, Jean-Claude"]
[Black "Ambrosino, Theo"]
[Result "0-1"]
[WhiteElo "1541"]
[BlackElo "1630"]
[PlyCount "60"]

1. d4 Nf6 2. c4 e6 3. Nc3 d5 4. Nf3 Bb4 5. Qb3 Bxc3+ 6. Qxc3 Ne4 7. Qc2 O-O 8.
e3 Nc6 9. Bd3 Nb4 10. Qd1 Nxd3+ 11. Qxd3 b6 12. O-O Ba6 13. b3 c5 14. Nd2 f5
15. Nxe4 fxe4 16. Qd1 dxc4 17. bxc4 Bxc4 18. Re1 Qf6 19. Bb2 Qxf2+ 20. Kh1 Qxb2
21. Qc1 Qxc1 22. Rexc1 Rf1+ 23. Rxf1 Bxf1 24. Rxf1 Rf8 25. Rxf8+ Kxf8 26. Kg1
Ke7 27. Kf1 cxd4 28. exd4 Kd6 29. Ke2 Kd5 30. Ke3 a5 0-1

[Event "Tournoi francophone 008 Groupe B"]
[Site "Skype"]
[Date "????.??.??"]
[Round "3.5"]
[White "Milanese, Serge"]
[Black "L'Herbon De Lussats, Jean"]
[Result "0-1"]
[WhiteElo "1400"]
[BlackElo "1532"]
[PlyCount "52"]

1. e4 c5 2. Nf3 Nc6 3. c3 e5 4. Bb5 a6 5. Bxc6 bxc6 6. c4 Nf6 7. Nc3 d6 8. O-O
Be6 9. d3 Be7 10. Ng5 d5 11. cxd5 cxd5 12. Nxe6 fxe6 13. Be3 d4 14. Ne2 dxe3
15. fxe3 O-O 16. Qb3 Qd6 17. Qc4 Ng4 18. Qc1 Qxd3 19. Ng3 Qxe3+ 20. Qxe3 Nxe3
21. Rxf8+ Rxf8 22. Re1 Nc2 23. Re2 Nd4 24. Rd2 c4 25. Ne2 Bc5 26. Nxd4 Bxd4+
0-1

[Event "Tournoi francophone 008 Groupe B"]
[Site "Skype"]
[Date "????.??.??"]
[Round "4.1"]
[White "Tamditi, Ibrahim"]
[Black "L'Herbon De Lussats, Jean"]
[Result "1-0"]
[WhiteElo "1530"]
[BlackElo "1532"]
[PlyCount "57"]

1. Nf3 c5 2. g3 Nc6 3. Bg2 e5 4. e4 Nf6 5. Nc3 d6 6. d3 Be7 7. O-O Be6 8. Ng5
d5 9. Nxe6 fxe6 10. exd5 exd5 11. Bg5 d4 12. Bxc6+ bxc6 13. Bxf6 Bxf6 14. Ne4
Be7 15. Qh5+ g6 16. Qxe5 O-O 17. Qe6+ Rf7 18. Rfe1 Qf8 19. Qxc6 Re8 20. f4 Rf5
21. Nd6 Bxd6 22. Rxe8 Qxe8 23. Qxe8+ Rf8 24. Qe6+ Kg7 25. Qxd6 Re8 26. Qxc5 Re2
27. Qxd4+ Kh6 28. c4 g5 29. Qf6+ 1-0

[Event "Tournoi francophone 008 Groupe B"]
[Site "Skype"]
[Date "????.??.??"]
[Round "4.2"]
[White "Ambrosino, Theo"]
[Black "Milanese, Serge"]
[Result "1-0"]
[WhiteElo "1630"]
[BlackElo "1400"]
[PlyCount "63"]

1. c4 e5 2. g3 Nf6 3. Bg2 c6 4. Nc3 d5 5. cxd5 cxd5 6. d3 Bb4 7. Qa4+ Nc6 8.
Bd2 Bxc3 9. bxc3 O-O 10. c4 Nd4 11. cxd5 Nxd5 12. Nf3 h6 13. Nxd4 exd4 14. Qxd4
Be6 15. O-O b6 16. Rac1 Qd6 17. Bf4 Qd7 18. h4 Rad8 19. Bd2 Bh3 20. Rc2 Bxg2
21. Kxg2 Qe6 22. Rfc1 Qxe2 23. Bxh6 Nf6 24. Qxd8 Rxd8 25. Rxe2 gxh6 26. Re7 Nd5
27. Rxa7 Re8 28. a4 Re2 29. a5 bxa5 30. Rxa5 Ne3+ 31. Kg1 Rd2 32. fxe3 1-0

[Event "Tournoi francophone 008 Groupe B"]
[Site "Skype"]
[Date "????.??.??"]
[Round "4.3"]
[White "Gerbaux, Regis"]
[Black "Martin, Jean-Claude"]
[Result "1/2-1/2"]
[WhiteElo "1457"]
[BlackElo "1541"]
[PlyCount "67"]

1. e4 d5 2. exd5 Qxd5 3. c4 Qd8 4. d4 c6 5. Nf3 Nf6 6. Nc3 Bg4 7. Be2 e6 8. a3
h6 9. h3 Bf5 10. O-O Be7 11. Nh4 Bh7 12. Bf3 g5 13. d5 exd5 14. cxd5 gxh4 15.
dxc6 Nxc6 16. Bxh6 Bd3 17. Be2 Bxe2 18. Qxe2 Rxh6 19. Rad1 Qc7 20. Rfe1 Rd8 21.
Nb5 Qb8 22. Rd4 Rxd4 23. Nxd4 Nd5 24. Nf5 Rh7 25. Qe4 Qe5 26. Qxe5 Nxe5 27.
Rxe5 f6 28. Re4 b6 29. Rd4 Bc5 30. Rxh4 Rxh4 31. Nxh4 Bd4 32. Nf5 Bxb2 33. h4
Bxa3 34. h5 1/2-1/2

[Event "Tournoi francophone 008 Groupe B"]
[Site "Skype"]
[Date "????.??.??"]
[Round "4.4"]
[White "Le Brun, Yves"]
[Black "Gharbi, Said"]
[Result "0-1"]
[WhiteElo "1489"]
[BlackElo "1536"]
[PlyCount "50"]

1. e4 e5 2. d4 Nc6 3. Nf3 Nf6 4. dxe5 Nxe4 5. Qd5 Nc5 6. Bc4 Ne6 7. c3 Be7 8.
Be3 O-O 9. Nbd2 d6 10. exd6 Bxd6 11. g3 Qe7 12. O-O Rd8 13. Qe4 Nc5 14. Qxe7
Bxe7 15. Rad1 Bh3 16. Rfe1 Na4 17. Ne4 Rxd1 18. Rxd1 Nxb2 19. Bxf7+ Kxf7 20.
Neg5+ Kg8 21. Rd5 Bg4 22. Bf4 h6 23. Bc1 hxg5 24. Nxg5 Nc4 25. h3 Bxg5 0-1

[Event "Tournoi francophone 008 Groupe B"]
[Site "Skype"]
[Date "????.??.??"]
[Round "4.5"]
[White "Fouquereau, Andre"]
[Black "Duthoit, Bernard"]
[Result "1-0"]
[WhiteElo "1478"]
[BlackElo "1470"]
[PlyCount "45"]

1. e4 e6 2. Nf3 d5 3. exd5 exd5 4. d4 Nf6 5. Bd3 g6 6. c3 Bg7 7. O-O Nc6 8. Bg5
O-O 9. Qc2 Re8 10. Nbd2 b5 11. Nb3 b4 12. Nc5 bxc3 13. bxc3 Nd7 14. Bxd8 Nxc5
15. dxc5 Rxd8 16. Rab1 d4 17. cxd4 Nxd4 18. Nxd4 Rxd4 19. Be4 Rxe4 20. Qxe4 Bf5
21. Qb7 Re8 22. Rbe1 Rf8 23. Re7 1-0

[Event "Tournoi francophone 008 Groupe B"]
[Site "Skype"]
[Date "????.??.??"]
[Round "5.1"]
[White "Duthoit, Bernard"]
[Black "Tamditi, Ibrahim"]
[Result "0-1"]
[WhiteElo "1470"]
[BlackElo "1530"]
[PlyCount "46"]

1. e4 g6 2. d4 Bg7 3. e5 d6 4. Nf3 Nc6 5. c3 dxe5 6. Bb5 exd4 7. cxd4 Bd7 8. d5
Ne5 9. Bxd7+ Qxd7 10. Nxe5 Bxe5 11. O-O O-O-O 12. Nc3 Bxc3 13. bxc3 Qxd5 14.
Qxd5 Rxd5 15. Bb2 Rd2 16. Rab1 Nh6 17. Rfe1 e6 18. h3 Nf5 19. g4 Nd6 20. c4 Rd8
21. Bf6 Rd7 22. c5 Ne8 23. a4 Nxf6 0-1

[Event "Tournoi francophone 008 Groupe B"]
[Site "Skype"]
[Date "????.??.??"]
[Round "5.2"]
[White "Gharbi, Said"]
[Black "Fouquereau, Andre"]
[Result "0-1"]
[WhiteElo "1536"]
[BlackElo "1478"]
[PlyCount "84"]

1. e4 e5 2. f4 d6 3. f5 Qh4+ 4. g3 Qxe4+ 5. Qe2 Qxh1 6. Nf3 Bxf5 7. Kf2 Bg4 8.
Bg2 Bxf3 9. Bxf3 Qxh2+ 10. Bg2 Nf6 11. Kf1 Nc6 12. Bxc6+ bxc6 13. Qxh2 d5 14.
d3 Bd6 15. Nc3 O-O 16. Bg5 Ng4 17. Qe2 f5 18. Kg2 Rae8 19. Nd1 e4 20. d4 Re6
21. Bf4 Bxf4 22. gxf4 Rg6 23. Kf1 Rh6 24. Ke1 Rh2 25. Qf1 e3 26. Nc3 Re8 27.
Ne2 Rf2 28. Qh1 Nh2 29. Ng1 Rxc2 30. Ne2 Ng4 31. b3 Re6 32. Qh5 g6 33. Qg5 Nf6
34. Qg2 Ne4 35. Kd1 Rd2+ 36. Ke1 Nc3 37. Nxc3 Rxg2 38. Kf1 Rd2 39. Ne2 g5 40.
fxg5 Rg6 41. Rc1 Rxg5 42. Rxc6 Rd1# 0-1

[Event "Tournoi francophone 008 Groupe B"]
[Site "Skype"]
[Date "????.??.??"]
[Round "5.3"]
[White "Martin, Jean-Claude"]
[Black "Le Brun, Yves"]
[Result "0-1"]
[WhiteElo "1541"]
[BlackElo "1489"]
[PlyCount "86"]

1. d4 g6 2. c4 Bg7 3. Nc3 d6 4. e4 e5 5. d5 f5 6. f3 Nf6 7. Bd3 f4 8. Bd2 Nh5
9. Nge2 Qh4+ 10. Kf1 O-O 11. Nb5 Qd8 12. Bb4 a6 13. Qa4 b6 14. Na3 a5 15. Be1
Bb7 16. Bf2 Nd7 17. Ke1 Rf7 18. g4 Nhf6 19. g5 Ne8 20. h4 Nc5 21. Bxc5 dxc5 22.
Qd1 c6 23. Rc1 cxd5 24. cxd5 Bf8 25. Bb5 Nd6 26. Nc3 Rc8 27. b3 Nxb5 28. Naxb5
Ba6 29. d6 c4 30. Nc7 Bxd6 31. Nxa6 Ra8 32. Nb5 Bb4+ 33. Nxb4 axb4 34. Qxd8+
Rxd8 35. Rxc4 Rfd7 36. Rc1 Rd3 37. Rf1 Re3+ 38. Kf2 Rd2+ 39. Kg1 Ree2 40. Rc8+
Kf7 41. Rc7+ Ke8 42. Rc8+ Kd7 43. Rc7+ Kd8 0-1

[Event "Tournoi francophone 008 Groupe B"]
[Site "Skype"]
[Date "????.??.??"]
[Round "5.4"]
[White "Milanese, Serge"]
[Black "Gerbaux, Regis"]
[Result "1/2-1/2"]
[WhiteElo "1400"]
[BlackElo "1457"]
[PlyCount "62"]

1. e4 e5 2. Nf3 Nc6 3. Bc4 Bc5 4. c3 Nf6 5. d4 exd4 6. cxd4 Bb4+ 7. Bd2 Nxe4 8.
O-O O-O 9. Bxb4 Nxb4 10. d5 Qf6 11. Qe2 Nd6 12. Re1 c6 13. Nc3 Nc2 14. Ne4 Nxe4
15. Qxc2 Nd6 16. b3 b5 17. Bd3 g6 18. dxc6 dxc6 19. Qxc6 Bb7 20. Qd7 Rad8 21.
Qh3 Rfe8 22. Qh6 Nf5 23. Bxf5 Bxf3 24. gxf3 Qxf5 25. Rxe8+ Rxe8 26. Kg2 f6 27.
Qd2 Qg5+ 28. Qxg5 fxg5 29. Kg3 Kg7 30. Rc1 Rf8 31. Rc5 Rf5 1/2-1/2

[Event "Tournoi francophone 008 Groupe B"]
[Site "Skype"]
[Date "????.??.??"]
[Round "5.5"]
[White "L'Herbon De Lussats, Jean"]
[Black "Ambrosino, Theo"]
[Result "0-1"]
[WhiteElo "1532"]
[BlackElo "1630"]
[PlyCount "112"]

1. d4 Nf6 2. Nf3 e6 3. g3 d5 4. Bg2 b6 5. c4 dxc4 6. Ne5 c6 7. Nxc6 Qc7 8. Bf4
Qb7 9. d5 exd5 10. Ne5 Bb4+ 11. Bd2 Bxd2+ 12. Nxd2 b5 13. e4 Nxe4 14. O-O O-O
15. Re1 Nxd2 16. Qxd2 Be6 17. Rad1 Rd8 18. Qd4 Nc6 19. Qf4 Nb4 20. a3 Nc6 21.
Re3 f6 22. Nxc6 Qxc6 23. Rc3 Qd6 24. Qe3 a5 25. Re1 Re8 26. Qd2 b4 27. Rce3
Rac8 28. R1e2 d4 29. Re4 Bf7 30. Qe1 Kf8 31. Rd2 Rxe4 32. Qxe4 d3 33. Qb7 Re8
34. Qb5 Qe5 35. Qxe5 Rxe5 36. f4 c3 37. bxc3 bxc3 38. Rxd3 c2 39. Rd8+ Ke7 40.
Rc8 Re1+ 41. Kf2 c1=Q 42. Rxc1 Rxc1 43. Bc6 Ra1 44. a4 Bb3 45. Kf3 Bxa4 46. Be4
Bb3 47. Bxh7 a4 48. h4 a3 49. g4 Bd1+ 50. Kg3 Rc1 51. h5 a2 52. g5 Bxh5 53. Kh4
Rh1+ 54. Kg3 a1=Q 55. f5 Qe5+ 56. Kg2 Qh2# 0-1

[Event "Tournoi francophone 008 Groupe B"]
[Site "Skype"]
[Date "????.??.??"]
[Round "6.1"]
[White "Tamditi, Ibrahim"]
[Black "Ambrosino, Theo"]
[Result "0-1"]
[WhiteElo "1530"]
[BlackElo "1630"]
[PlyCount "42"]

1. Nf3 d5 2. d4 g6 3. Bf4 Bg7 4. h3 c5 5. e3 Nf6 6. Nc3 Qa5 7. Be5 O-O 8. dxc5
Qxc5 9. Qd2 e6 10. O-O-O Nc6 11. Bxf6 Bxf6 12. Na4 Qe7 13. g4 Bd7 14. Bb5 Ne5
15. Nd4 Bxb5 16. Nxb5 a6 17. Nd4 b5 18. Nc3 Nc4 19. Qd3 Qb4 20. b3 Qa3+ 21. Kb1
Qb2# 0-1

[Event "Tournoi francophone 008 Groupe B"]
[Site "Skype"]
[Date "????.??.??"]
[Round "6.2"]
[White "Gerbaux, Regis"]
[Black "L'Herbon De Lussats, Jean"]
[Result "0-1"]
[WhiteElo "1457"]
[BlackElo "1532"]
[PlyCount "48"]

1. e4 c5 2. Nf3 Nc6 3. d4 cxd4 4. Nxd4 e5 5. Nxc6 bxc6 6. Nc3 Nf6 7. Bc4 Bb7 8.
Bg5 Be7 9. O-O O-O 10. a3 Re8 11. Bxf6 Bxf6 12. f4 Qc7 13. Qg4 Rad8 14. f5 d5
15. exd5 cxd5 16. Bb3 e4 17. Rad1 Bxc3 18. bxc3 Qxc3 19. Qe2 e3 20. Rd3 Qc5 21.
f6 g6 22. Ba4 Re6 23. Rf5 gxf5 24. Qf3 e2+ 0-1

[Event "Tournoi francophone 008 Groupe B"]
[Site "Skype"]
[Date "????.??.??"]
[Round "6.3"]
[White "Le Brun, Yves"]
[Black "Milanese, Serge"]
[Result "0-1"]
[WhiteElo "1489"]
[BlackElo "1400"]
[PlyCount "34"]

1. e4 e5 2. Nf3 Nc6 3. a3 Nf6 4. Nc3 a6 5. d3 Be7 6. h3 d6 7. Be3 Be6 8. Qd2 d5
9. exd5 Nxd5 10. Nxd5 Bxd5 11. Be2 Bf6 12. c3 Na5 13. Bd1 e4 14. dxe4 Bxe4 15.
Bd4 Bxd4 16. Qxd4 Qe7 17. Qa4+ Bc6+ 0-1

[Event "Tournoi francophone 008 Groupe B"]
[Site "Skype"]
[Date "????.??.??"]
[Round "6.4"]
[White "Fouquereau, Andre"]
[Black "Martin, Jean-Claude"]
[Result "0-1"]
[WhiteElo "1478"]
[BlackElo "1541"]
[PlyCount "62"]

1. e4 d5 2. exd5 Qxd5 3. Nc3 Qa5 4. d4 Nf6 5. Bd2 c6 6. Nf3 Bf5 7. Bd3 Bxd3 8.
cxd3 e6 9. O-O Nbd7 10. Re1 O-O-O 11. a3 h6 12. Na4 Qc7 13. b4 b5 14. Nc3 Bd6
15. Ne4 Nxe4 16. dxe4 f6 17. a4 a6 18. Qb3 Rhe8 19. axb5 axb5 20. Bc3 Kb7 21.
d5 exd5 22. exd5 cxd5 23. Ra7+ Kc8 24. Rxc7+ Bxc7 25. Qxd5 Nb6 26. Qg5 fxg5 27.
Nd4 Nc4 28. Nxb5 Bb6 29. Rc1 Kb7 30. g3 Ne3 31. fxe3 Bxe3+ 0-1

[Event "Tournoi francophone 008 Groupe B"]
[Site "Skype"]
[Date "????.??.??"]
[Round "6.5"]
[White "Duthoit, Bernard"]
[Black "Gharbi, Said"]
[Result "1-0"]
[WhiteElo "1470"]
[BlackElo "1536"]
[PlyCount "82"]

1. e4 e5 2. Nf3 Nc6 3. Bb5 Bd6 4. O-O Nf6 5. d3 O-O 6. Bg5 Ne7 7. Bxf6 gxf6 8.
Nc3 c6 9. Bc4 Bc5 10. Ne2 Ng6 11. d4 exd4 12. Nexd4 d5 13. exd5 cxd5 14. Bb3
Bg4 15. c3 Bxd4 16. cxd4 Bxf3 17. Qxf3 Rc8 18. Bxd5 Rc7 19. Bxb7 Rd7 20. Rac1
Rxd4 21. Rfd1 Rxd1+ 22. Rxd1 Qb6 23. b3 Ne5 24. Qg3+ Kh8 25. Be4 Rg8 26. Qe3
Qc7 27. Bd5 Ng4 28. Qf3 Qxh2+ 29. Kf1 Ne5 30. Qxf6+ Rg7 31. Bxf7 Nxf7 32. Rd7
Qh1+ 33. Ke2 Qxg2 34. Rxf7 h5 35. Rf8+ Kh7 36. Qf5+ Qg6 37. Qxg6+ Kxg6 38. Kf3
Kg5 39. Rf4 h4 40. Rg4+ Kf6 41. Rxg7 Kxg7 1-0

[Event "Tournoi francophone 008 Groupe B"]
[Site "Skype"]
[Date "????.??.??"]
[Round "7.1"]
[White "Gharbi, Said"]
[Black "Tamditi, Ibrahim"]
[Result "1-0"]
[WhiteElo "1536"]
[BlackElo "1530"]
[PlyCount "72"]

1. e4 e5 2. Nf3 d6 3. d4 Bg4 4. dxe5 Bxf3 5. Qxf3 dxe5 6. Bc4 Nf6 7. O-O Qd4 8.
Bd3 Be7 9. Rd1 O-O 10. Nc3 a6 11. Bxa6 Qb6 12. Bc4 Nc6 13. Nd5 Nxd5 14. Bxd5
Nd4 15. Qd3 Bc5 16. c3 Nb5 17. Rd2 Rad8 18. Bxf7+ Kxf7 19. Qc4+ Kf6 20. b4 Rxd2
21. Bxd2 Bxf2+ 22. Kh1 Rd8 23. Qe2 Nd6 24. Rf1 Nxe4 25. Qf3+ Ke6 26. Qxe4 Rxd2
27. Qg4+ Kf6 28. Qf3+ Ke7 29. Qf5 Qb5 30. Ra1 Rxa2 31. Qg5+ Ke8 32. Rd1 Qd5 33.
Qh5+ g6 34. Qg4 Rd2 35. Ra1 b6 36. h3 Re2 1-0